| 000 | 01185nam a2200301Ia 4500 | ||
|---|---|---|---|
| 001 | ebr10615171 | ||
| 003 | CaPaEBR | ||
| 006 | m u | ||
| 007 | cr cn||||||||| | ||
| 008 | 120427s2012 mouac s 000 0aeng | ||
| 020 | _z9780826219978 | ||
| 020 | _z9780826272966 | ||
| 040 |
_aCaPaEBR _cCaPaEBR |
||
| 035 | _a(OCoLC)818734002 | ||
| 043 | _an-us-mo | ||
| 050 | 1 | 4 |
_aKF373.S775 _bA3 2012eb |
| 100 | 1 |
_aStrong, Thomas, _d1931- |
|
| 245 | 1 | 0 |
_aStrong advocate _h[electronic resource] : _bthe life of a trial lawyer / _cThomas Strong. |
| 260 |
_aColumbia, Mo. ; _aLondon : _bUniversity of Missouri Press, _cc2012. |
||
| 300 |
_axi, 283 p. : _bill., ports. ; _c25 cm. |
||
| 533 |
_aElectronic reproduction. _bPalo Alto, Calif. : _cebrary, _d2011. _nAvailable via World Wide Web. _nAccess may be limited to ebrary affiliated libraries. |
||
| 600 | 1 | 0 |
_aStrong, Thomas, _d1931- |
| 650 | 0 |
_aLawyers _zMissouri _vBiography. |
|
| 650 | 0 |
_aPersonal injury lawyers _vBiography. |
|
| 655 | 7 |
_aElectronic books. _2local |
|
| 710 | 2 | _aebrary, Inc. | |
| 856 | 4 | 0 |
_uhttp://site.ebrary.com/lib/rucke/Doc?id=10615171 _zAn electronic book accessible through the World Wide Web; click to view |
| 999 |
_c101425 _d101425 |
||